How change happens: why some social movements succeed while others don't. A project of global social enterprise initiative at Georgetown University's McDonough School of Business

Guardat en:
Dades bibliogràfiques
Autor principal: Crutchfield, Leslie R (Autor)
Format: Llibre
Idioma:anglès
Publicat: Hoboken John Wiley and Sons 2018
Edició:1a. ed
Matèries:
Etiquetes: Afegir etiqueta
Sense etiquetes, Sigues el primer a etiquetar aquest registre!

MARC

LEADER 00000cam a2200000 a 4500
001 UCC9524
003 CL-VaPUC
008 191004e20180000us |||||||||||||||||eng|d
020 |a 9781119413813 
082 0 4 |a 303.4  |b CRU  |2 21 
100 0 |a Crutchfield, Leslie R  |e author  |9 604650 
245 1 0 |a How change happens: why some social movements succeed while others don't. A project of global social enterprise initiative at Georgetown University's McDonough School of Business 
250 |a 1a. ed 
300 |a 228 p 
942 |c BK 
945 |d 20191004 13:59:00  |a dcastane 
260 |a Hoboken  |b John Wiley and Sons  |c 2018 
650 0 |a Movimientos sociales  |9 315241 
650 0 |a Cambio social   |9 256857 
583 |a last modification  |c 20191004 13:59:00  |k Rodrigo Vera 
999 |c 375704  |d 375702 
952 |0 0  |1 0  |3 erd  |4 0  |6 303_400000000000000_CRU_2018  |7 0  |8 WP_COW  |9 561507  |a BIBDER  |b BIBDER  |e Fundación W and P Cowley  |i 5605636  |o 303.4 CRU 2018  |p 5605636  |r 2023-01-25  |w 2020-03-12  |y BK  |z Catalogado en:20191004  |k WPC